Stranger things Funko Pop Bilderquiz - Statistiken

Allgemein
  • Dieses Quiz wurde 252 mal gespielt
  • Das Durchschnittsergebnis liegt bei 14 aus 16
Antwortstatistiken
Bildquiz Antwort % Korrekt
Max
98%
Dustin
97%
Steve
96%
Nancy
94%
Will
93%
Mike
92%
Lucas
89%
Billy
87%
Jim
87%
Robin
86%
Erica
84%
Joyce
84%
Jonathan
81%
Jane
73%
Chrissy
66%
Murray
55%
Keine übereinstimmenden Quizze gefunden
Verteilung der Resultate
Anzahl Personen mit jedem Resultat
Perzentil nach korrekt beantworteten Fragen
Ihre Resultats-Entwicklung
Sie haben dieses Quiz noch nicht gespielt